00926nam a2200241Ia 4500003000900000008004100009020001800050040001600068080001500084245017900099260004200278300001600320500002600336650004100362650003200403650003200435700003300467700003800500700003300538942000700571999001500578952009100593IN-BaIIA211028s9999 xx 000 0 eng d a90-277-1209-3 cIIA Library a92:52bOOR 0aOort and the universeba sketch of Oort's research and personcedited by Hugo Van Woerden, Willem N. Brouw and Henk C. Van De Hulst  aDordrechtbD. Reidel Publishingc1980 aviii, 210p. aDonated by Mrs. Bappu aAstronomy and Astrophysics Thesaurus aBiography-Jan Hendrick Oort aJan Hendrick Oort Biography aBrouw, Willem N., ed.913051 aVan De Hulst, Henk C., ed.913052 aVan Woerden, Hugo, ed.95345 cBK c7725d7725 00104070aBANbBANcGENd1983-07-26l0o92:52/ OORp8540r2021-11-05w1983-07-26yBK